China : grand tours of the world

Bibliographic Details
Format: Book
Published: New York : Torstar Books , 1986
Subjects:

MARC

LEADER 00000cam a2200000 7i4500
001 0000000198
002 000000262
005 20000330.0
020 |a 1550010468 
090 0 0 |a 915.104   |b CHI 
245 0 0 |a China :   |b grand tours of the world 
260 |a New York :   |b Torstar Books ,   |c 1986 
300 |a 112p.bill ;   |c 29cm. 
651 0 |a China   |x Description and travel 
999 |a 027496   |b BUKU   |c PINJAMAN   |e PERPUSTAKAAN KOMUNITI PETALING JAYA